00695nam a22002537a 4500003000500000005001700005008004100022010000900063011000900072035000900081040000900090082001600099100002200115245005400137260005200191300001000243490003000253500001000283650003800293650002900331650002800360700002300388830003000411CHAP20220329133033.0971013s1982 r 00010 d a1488 a2460 a1654 cCHAP a633.368bC800aCummins, David G. aWorld peanut production, utilization and research aAthens, Georgia :bUniversity of Georgia,c1982 a163 p aSpecial publicationv; 16 aD42-814aCacahuatexAspectos económicos.14aCacahuatexMejoramiento.14aCacahuatexRendimiento.0 aJackson, Curtis R.0 aSpecial publicationv; 16